000 00288nam a22001337a 4500
008 170908b xxu||||| |||| 00| 0 eng d
020 _a9780762704736
041 _aeng
080 _23RD
_a91
100 _a42
101 _aGJEO
245 _aKAYAK NAVIGATION
_cBURCH,D
942 _2udc
_cBK
999 _c26811
_d26811